01613nam a2200373 a 4500001001200000003000800012006001900020007001500039008004100054020002500095020002700120040002100147035002100168050002700189082001600216100001700232245017400249260004500423300002600468504005100494505014300545533015200688630003000840630001500870650003800885650003400923650003800957650003000995650002201025655002901047700002001076710001701096856012601113ebr10657829CaPaEBRm u cr cn|||||||||130305s2013 enka sb 001 0 eng d z9781118449950 (pbk.) z9781118449967 (e-book) aCaPaEBRcCaPaEBR a(OCoLC)84132577014aQA76.8.I64bN37 2013eb04a005.4462231 aNapier, Rob.10aiOS 6 programmingh[electronic resource] :bpushing the limits : advanced application development for Apple iPhone, iPad, and iPod Touch /cRob Napier and Mugunth Kumar. aChichester, West Sussex :bWiley,c2013. axviii, 534 p. :bill. aIncludes bibliographical references and index.0 apt. I. What's new? -- pt. II. Getting the most out of everyday tools -- pt. III. The right tool for the job -- pt. IV. Pushing the limits. aElectronic reproduction.bPalo Alto, Calif. :cebrary,d2013.nAvailable via World Wide Web.nAccess may be limited to ebrary affiliated libraries.00aiOS (Electronic resource)00aiPhone OS. 0aiPhone (Smartphone)xProgramming. 0aiPad (Computer)xProgramming. 0aiPod touch (Digital music player) 0aCell phonesxProgramming. 0aMobile computing. 7aElectronic books.2local1 aKumar, Mugunth.2 aebrary, Inc.40uhttp://site.ebrary.com/lib/rucke/Doc?id=10657829zAn electronic book accessible through the World Wide Web; click to view